Prince: Leviathan (Record no. 36150)

MARC details
000 -LEADER
fixed length control field 00304nam a2200121Ia 4500
082 ## - DEWEY DECIMAL CLASSIFICATION NUMBER
Classification number 820 MACH
Item number MAC
100 ## - MAIN ENTRY--AUTHOR NAME
Personal name Hobbes, Thomas
245 #0 - TITLE STATEMENT
Title Prince: Leviathan
260 ## - PUBLICATION, DISTRIBUTION, ETC. (IMPRINT)
Place of publication Chicago
Name of publisher William Benton
Year of publication 1952
700 ## - ADDED ENTRY--PERSONAL NAME
Personal name Machiavelli, Nicdo
942 ## - ADDED ENTRY ELEMENTS (KOHA)
Koha item type Books
Holdings
Withdrawn status Lost status Damaged status Not for loan Home library Current library Date acquired Cost, normal purchase price Full call number Accession Number Koha item type
        RRII Library RRII Library 16/12/2021 5000.00 820 MACH MAC 16563 Books